Métodos de Investigación Social

Guardat en:
Dades bibliogràfiques
Autor principal: Goode. William J.
Altres autors: Hatt, Paul K.
Format: Text
Publicat: La Habana : Editorial de Ciencias Sociales
Matèries:
Etiquetes: Afegir etiqueta
Sense etiquetes, Sigues el primer a etiquetar aquest registre!

MARC

LEADER 00000 a a2200000 04500
001 39190
003
040 |a CRAI/IIS  |c CRAI/IIS 
090 |a 1001 G647m  
100 |a Goode. William J.  
245 |a Métodos de Investigación Social   |a William J. Goode  
260 |a La Habana :   |b Editorial de Ciencias Sociales  
300 |a 469 p.  
650 |a INVESTIGACION SOCIAL  
650 |a METODOS DE INVESTIGACION  
650 |a SOCIOLOGIA  
650 |a CIENCIA  
650 |a METODOLOGIA  
650 |a ANALISIS DE DATOS  
700 |a Hatt, Paul K.  
999 |c 3843  |d 3843